Staging masculinities : history, gender, performance

Αποθηκεύτηκε σε:
Λεπτομέρειες βιβλιογραφικής εγγραφής
Κύριος συγγραφέας: Mangan, Michael 1953-
Μορφή: Βιβλίο
Γλώσσα:English
Δημοσίευση: Houndmills, Basingstoke, Hampshire; New York : Palgrave Macmillan, 2003
Θέματα:
Ετικέτες: Προσθήκη ετικέτας
Δεν υπάρχουν, Καταχωρήστε ετικέτα πρώτοι!

MARC

LEADER 00000nam a2200000 i 4500
001 1/47665
008 070706s2003 eng d
020 |a 0-333-72019-9 (pbk.) 
035 |l 10088702 
040 |a GR-MY-UA  |b gre  |e aacr 
041 0 |a eng 
082 0 |a 305.32  |2 (22) 
100 1 |a Mangan, Michael  |d 1953- 
245 1 0 |a Staging masculinities :  |b history, gender, performance /  |c Michael Mangan 
260 |a Houndmills, Basingstoke, Hampshire; New York :   |b Palgrave Macmillan,   |c 2003 
300 |a xi, 276 σ.;  |c 22 εκ. 
504 |a Περιέχει βιβλιογραφία (σ. 249-265) και ευρετήριο 
650 0 0 |a Men in literature. 
650 0 0 |a Masculinity in literature. 
650 0 0 |a Drama  |x History and criticism. 
650 0 0 |a Men  |x Identity. 
852 |a INST  |b LESVOS  |e 20070706  |h 305.32 MAN  |p 005100037927  |q 005100037927  |t BK  |y 0 
901 |a BIBL1-2007-2 
909 |a Λ  |b 135620 
922 |a 1ΕΛΗ  |b 200706  |c ΕΠΕΑΕΚ2/ΤΚΑ  |d ΠΑΠΑΣΩΤΗΡΙΟΥ 
970 |a ΚΑΡΑ  |b ΓΙΑΣΕΜΗ  |z 2007/07/06